书目信息 |
| 题名: |
哈佛逻辑课
|
|
| 作者: | 穆臣刚 著 | |
| 分册: | ||
| 出版信息: | 北京 中国法制出版社 2017 |
|
| 页数: | 248页 | |
| 开本: | 24cm | |
| 丛书名: | ||
| 单 册: | ||
| 中图分类: | B81-49 | |
| 科图分类: | ||
| 主题词: | 逻辑--通俗读物 | |
| 电子资源: | ||
| ISBN: | 978-7-5093-8756-6 | |
| 000 | 00887nam0 2200241 450 | |
| 001 | 012001011876 | |
| 005 | 20191125165828.98 | |
| 010 | @a978-7-5093-8756-6@dCNY36.00 | |
| 100 | @a20181129d2017 em y0chiy50 ea | |
| 101 | 0 | @achi |
| 102 | @aCN@b110000 | |
| 105 | @ay z 000yy | |
| 106 | @ar | |
| 200 | 1 | @a哈佛逻辑课@9ha fo luo ji ke@f穆臣刚著 |
| 205 | @a3版 | |
| 210 | @a北京@c中国法制出版社@d2017 | |
| 215 | @a248页@d24cm | |
| 330 | @a本书从理论和应用两部分,介绍了逻辑学的 含义、分类、基本内容、判断、推理等,囊括了做人逻辑、思想逻辑、幸福逻辑、处世逻辑、投资逻辑、博弈逻辑、社会逻辑等丰富的逻辑知识在生活中的精妙运用,教你在运用逻辑进行缜密思考的同时,又能用它来知道人生,成为一名生活的智者,人生的赢家。 | |
| 606 | 0 | @a逻辑@j通俗读物 |
| 690 | @aB81-49@v5 | |
| 701 | 0 | @a穆臣刚@9mu chen gang@4著 |
| 801 | 0 | @aCN@b上海新华@c20191020 |
| 905 | @b1138986-7@dB81-49@e273=3@f2 | |
| 哈佛逻辑课/穆臣刚著.-3版.-北京:中国法制出版社,2017 |
| 248页;24cm |
| ISBN 978-7-5093-8756-6:CNY36.00 |
| 本书从理论和应用两部分,介绍了逻辑学的 含义、分类、基本内容、判断、推理等,囊括了做人逻辑、思想逻辑、幸福逻辑、处世逻辑、投资逻辑、博弈逻辑、社会逻辑等丰富的逻辑知识在生活中的精妙运用,教你在运用逻辑进行缜密思考的同时,又能用它来知道人生,成为一名生活的智者,人生的赢家。 |
| ● |
| 相关链接 |
|
|
|
|
正题名:哈佛逻辑课
索取号:B81-49/273=3
 
预约/预借
| 序号 | 登录号 | 条形码 | 馆藏地/架位号 | 状态 | 备注 |
| 1 | 1138986 | 211389861 | 第一样本阅览室/ [索取号:B81-49/273=3] | 在馆 | |
| 2 | 1138987 | 211389870 | 第一借阅区/ [索取号:B81-49/273=3] | 在馆 |